000 01496cam a2200301 i 4500
001 24656
003 BD-RjUL
005 20211209001059.0
008 140315s1951 nyu b 001 0 eng d
035 _a(BD-RjUL)24725
040 _aPCP
_beng
_erda
_cPCP
_dOCLCQ
_dOCLCG
_dOCLCQ
_dUkOxU
_dBD-RjUL
041 1 _hfre
_hfre
_aeng
082 0 4 _a914.2
_bHAV
100 _aHalevy, Elie
_975876
245 0 0 _aVictorian years, 1841-1895 /
_cby Elie Halévy ; with a supplementary section by R.B. McCallum ; incorporating The age of Peel and Cobden translated from the French by E.I. Watkin.
246 3 _aAge of Peel and Cobden
260 _aLondon :
_bRenest Benn Limited,
_c1951.
300 _aviii, 507 pages ;
_c23 cm
490 1 _aA history of the English people in the nineteenth century ;
_vIV
500 _a"The present book ... contains in Part I a reprint of The age of Peel and Cobden and in Part II Mr. R.B. McCallum's essay and chronological table ..."--page v.
500 _aPart I is a translation of: Le milieu du siècle (1841-1852), v. 4 of the author's Histoire du peuple anglais au XIXe siècle.
504 _aIncludes bibliographical references and index.
651 0 _aGreat Britain
_xHistory
_yVictoria, 1837-1901.
_975877
651 0 _aGreat Britain
_xPolitics and government
_y1837-1901.
_910732
700 1 _aMcCallum, R. B.
_q(Ronald B.),
_d1898-
_t1852 to 1895.
_975878
700 1 2 _aHalévy, Elie,
_d1870-1937.
_tMilieu du siècle, 1841-1852.
_lEnglish.
_975879
942 _2ddc
_cBK
999 _c24656
_d24656